| 000 | 00502nam a2200145 a 4500 | ||
|---|---|---|---|
| 001 | 000028823 | ||
| 005 | 20200930055147.0 | ||
| 008 | 110412s2002 dr a 000 0 spa d | ||
| 040 |
_aDO-SdBNP _bspa _cBNPHU |
||
| 082 |
_axxx _bM533 |
||
| 245 | 0 | 0 | _aMemorial de doctorado honoris causa al honorable Fernando Henrique Cardoso. |
| 260 |
_aQuito, Ecuador : _bFacultad Latinoamericano de Ciencias Sociales (FLACSO), _c2002 _eSanto Domingo _fAmigo del Hogar |
||
| 300 |
_a37 p. : _bil. ; _c28 cm. |
||
| 049 | _aBNPD | ||
| 999 |
_c28315 _d28315 |
||